000
00277nam a22001217a 4500
999
_c
530182
_d
530182
003
NUST
038
_a
waseem
082
_a
916.623045
_b
AND
100
_a
Andriamirado, par Sennen
_9
23564
245
_a
Le Mali /
_c
par Sennen Andriamirado
300
_a
239 p. ;
942
_2
ddc
_c
BK